|
|
|
|
| LEADER |
00000cam a2200000 a 4500 |
| 001 |
vtls008393461 |
| 003 |
SK-MaSNL |
| 005 |
20260301205044.0 |
| 008 |
250313t1937 xo g 000 0 slo |
| 015 |
|
|
|a SNBA19191938-010064
|
| 020 |
|
|
|q (brožované)
|
| 035 |
|
|
|a SK01SNKBSKHR20010085678
|
| 035 |
|
|
|a urn:nbn:sk:snk-am3i21c
|
| 035 |
|
|
|a DD8796AC-D55C-478A-96BD-94CA81B00F3F
|
| 035 |
|
|
|a urn:nbn:sk:snk-am00dh3i
|
| 035 |
|
|
|a SKM000088141
|
| 040 |
|
|
|a SNK
|b slo
|c SNK
|e AACR2
|
| 041 |
0 |
|
|a slo
|
| 043 |
|
|
|a e-xo---
|
| 044 |
|
|
|a xo
|c SK
|
| 072 |
|
7 |
|a 94(437)
|x Dejiny Česka a Slovenska
|2 konspekt
|
| 080 |
|
|
|a 94(437.6)
|2 2001
|
| 080 |
|
|
|a (091)
|2 2001
|
| 080 |
|
|
|a (048.8)
|2 001
|
| 100 |
1 |
|
|a Rapant, Daniel,
|d 1897-1988
|4 aut
|9 108104
|
| 245 |
1 |
0 |
|a Dejiny slovenského povstania r. 1848-49
|n Diel prvý
|p Slovenská jar 1837
|c Daniel Rapant
|
| 246 |
3 |
|
|a Slovenská jar 1848
|
| 250 |
|
|
|a [1. vyd.]
|
| 260 |
|
|
|a V Turčianskom Sv. Martine
|b Matica slovenská
|c 1937
|e V Turčianskom Sv. Martine
|f Kníhtlačiarsky účastinársky spolok
|
| 300 |
|
|
|a xxiii, 402 s.
|c 24 cm
|
| 490 |
1 |
|
|a Spisy Historického odboru Matice slovenskej
|
| 500 |
|
|
|a Rozlož. tit. strana
|
| 504 |
|
|
|a Bibliogr. odkazy. Opr. Skrat.
|
| 648 |
|
7 |
|a 1848-1849
|2 SNKPH
|9 285913
|
| 650 |
0 |
7 |
|a Slovenské povstanie (1848-1849)
|2 SNKPH
|9 178260
|
| 651 |
|
7 |
|a Slovensko
|x dejiny
|2 SNKPH
|9 13278
|
| 655 |
|
7 |
|a štúdie
|2 SNKPH
|9 57033
|
| 830 |
|
0 |
|a Spisy Historického odboru Matice slovenskej
|9 343973
|
| 852 |
|
|
|a Slovenská národná knižnica
|
| 954 |
|
|
|a odborná, vedecká literatúra pôvodná (slovenská)
|2 lita
|
| 958 |
|
|
|a OND
|
| 958 |
|
|
|a RK
|
| 958 |
|
|
|a NB
|
| 999 |
|
|
|c 908813
|d 910743
|
| 952 |
|
|
|a SNK
|b SNK
|y PREZ
|7 0
|p 17A0145218
|o snkSC 3038/1
|i snk1917/43
|0 0
|1 0
|4 0
|d 2008-07-14
|f 1
|l 0
|r 2025-06-17 00:00:00
|w 2026-02-24
|
| 952 |
|
|
|a SNK
|b SNK
|y VYP
|7 0
|p 17A0231777
|o snkSC 3038/1 D1
|i snkXI. 492/55
|0 0
|1 0
|4 0
|d 2008-07-14
|l 0
|r 2026-02-24 07:37:06
|w 2026-02-24
|
| 952 |
|
|
|a SNK
|b SNK
|y VYP
|7 0
|p 17A0462969
|o snkSC 3038/1 D3
|i snkK 2580/69
|8 3
|0 0
|1 0
|4 0
|d 2008-07-14
|l 0
|r 2026-02-24 07:37:06
|w 2026-02-24
|
| 952 |
|
|
|a SNK
|b SNK
|y VYP
|7 0
|p 17A0337300
|o snkSC 3038/1 D2
|i snkKSF 133/60
|0 0
|1 0
|4 0
|d 2008-07-14
|l 0
|r 2026-02-24 07:37:06
|w 2026-02-24
|